<?xml version="1.0" encoding="UTF-8"?>
<collection xmlns="http://www.loc.gov/MARC21/slim">
<record>
  <controlfield tag="001">1899</controlfield>
  <controlfield tag="005">20160701171655.0</controlfield>
  <datafield tag="037" ind1=" " ind2=" ">
    <subfield code="a">ASTROimport-56</subfield>
  </datafield>
  <datafield tag="100" ind1=" " ind2=" ">
    <subfield code="a">Balona, L. A.</subfield>
  </datafield>
  <datafield tag="260" ind1=" " ind2=" ">
    <subfield code="c">1992</subfield>
  </datafield>
  <datafield tag="245" ind1=" " ind2=" ">
    <subfield code="a">Intensive photometry of southern Be variables. II - Summer objects</subfield>
  </datafield>
  <datafield tag="520" ind1=" " ind2=" ">
    <subfield code="a">Results are presented of photometric campaign on some bright southern Be stars to search for periodic light variations. In order to obtain good phase coverage, many observations were conducted from two sites with different longitudes: ESO and SAAO. A large fraction of early-Be stars are found to be variable with periods close to or equal to their rotational periods. Particular attention is devoted to the late-Be stars. Unlike the hotter members of this class, the late-Be stars do not seem to have detectable periodic light variations except for one or two stars of very small amplitude. </subfield>
  </datafield>
  <datafield tag="700" ind1=" " ind2=" ">
    <subfield code="a"> Cuypers, J.</subfield>
  </datafield>
  <datafield tag="700" ind1=" " ind2=" ">
    <subfield code="a"> Marang, F.</subfield>
  </datafield>
  <datafield tag="773" ind1=" " ind2=" ">
    <subfield code="p">Astronomy and Astrophysics Supplement Series</subfield>
    <subfield code="v">92</subfield>
    <subfield code="y">1992</subfield>
    <subfield code="c">533-563</subfield>
  </datafield>
  <datafield tag="856" ind1="4" ind2="2">
    <subfield code="a">http://esoads.eso.org/abs/1992A%26AS...92..533B</subfield>
  </datafield>
  <datafield tag="905" ind1=" " ind2=" ">
    <subfield code="a">published in</subfield>
  </datafield>
  <datafield tag="980" ind1=" " ind2=" ">
    <subfield code="a">REFERD</subfield>
  </datafield>
</record>
</collection>